000
00291nam a22001337a 4500
008
170526b xxu||||| |||| 00| 0 eng d
020
_a
9780076625529
041
_a
eng
080
_a
62
100
_a
26
101
_a
IM
245
_a
ENGINEERING TECHNOLOGY
_c
BRUSIC,SH.A
942
_2
udc
_c
BK
999
_c
14367
_d
14367